Xây dựng chiến lược bảo tồn đa dạng sinh học tại Lâm Đồng

Guardado en:
Detalles Bibliográficos
Autor principal: Lê, Quang Nghiệp
Formato: Libro
Lenguaje:Undetermined
Materias:
Acceso en línea:http://lrc.tdmu.edu.vn/opac/search/detail.asp?aID=2&ID=27140
Etiquetas: Agregar Etiqueta
Sin Etiquetas, Sea el primero en etiquetar este registro!
Thư viện lưu trữ: Trung tâm Học liệu Trường Đại học Thủ Dầu Một
LEADER 00657nam a2200145Ia 4500
001 TDMU_27140
008 210410s9999 xx 000 0 und d
082 |a 635.9 
100 |a Lê, Quang Nghiệp 
245 0 |a Xây dựng chiến lược bảo tồn đa dạng sinh học tại Lâm Đồng 
245 0 |c Lê Quang Nghiệp 
300 |a Tr.11-14 
650 |a Nông - lâm - Nghiệp; Đa dạng sinh học; Bảo tồn; Chiến lược; Lâm Đồng; Tài nguyên thiên nhiên 
856 |u http://lrc.tdmu.edu.vn/opac/search/detail.asp?aID=2&ID=27140 
980 |a Trung tâm Học liệu Trường Đại học Thủ Dầu Một